Score 0/22 Timer 02:00
3 Plays Today
Hint 4-Letter Word % Correct
Liver secretionBILE
93.7%
Buffalo ____ [Rung 6]; 19th century American scout• BILL •
93.4%
ChillyCOLD
92%
Sunset direction• WEST •
90.7%
To shape or formMOLD
88.3%
To fuse metal using heatWELD
87.6%
Raised sore, result of whippingWELT
86.8%
Chair, couch, bench, e.g.SEAT
85.9%
Uncivilized• WILD •
85.1%
GentleMILD
83%
Cabbage and mayo salad for shortSLAW
82.5%
Hint 4-Letter Word % Correct
Proceeding with little speedSLOW
81.9%
Reveal• SHOW •
79.4%
Window blind componentSLAT
79.3%
WireCORD
69%
Ballon d'Or-winning soccer player George ____BEST
68.7%
ThrashBEAT
68.6%
Wait, endureBIDE
68.2%
Cryptographer's item of interestCODE
67.9%
Buffalo [Rung 1] ____; 19th century American scout• CODY •
66%
____ Monteith, late Canadian 'Glee' actorCORY
65.6%
To be an omen ofBODE
63.9%

Today's Daily Dose

Remove Ads.
Support Sporcle.
Get the best of Sporcle when you Go Orange. This ad-free experience offers more features, more stats, and more fun while also helping to support Sporcle. Thank you for becoming a member.

You're not logged in!

Compare scores with friends on all Sporcle quizzes.
OR
Log In

Show Comments

Extras

Top Quizzes Today


Score Distribution

Your Account Isn't Verified!

In order to create a playlist on Sporcle, you need to verify the email address you used during registration. Go to your Sporcle Settings to finish the process.

Report this User

Report this user for behavior that violates our Community Guidelines.

Details: